00157nam a2200061Ia 4500008004100000100002300041245003100064120527s9999 xx 000 0 und d aDolphin, D. warren aBiology: Laboratory manual